000 00354 a2200157 4500
001 69225
020 _a858546674X
040 _cAnchieta - Itaigara
100 _aLalau
240 1 0 _aUma cor, duas cores, todas elas
_lpor
245 1 0 _aUma cor, duas cores, todas elas
300 _a29
362 0 _a2002
650 4 _aLiteratura infantil
942 _cBK
999 _c69225
_d69225